000 00835cam a2200157 4500500
005 20260405002244.0
041 _afre
042 _adc
100 1 0 _aLe Corre, Françoise
_eauthor
245 0 0 _aWilliam Trevor, Hôtel de la Lune oisive . Nouvelles traduites de l’anglais (Irlande) par Katia Holmes. Phébus, 2005, 236 pages, 19 €
260 _c2005.
500 _a29
520 _aRésuméJules Verne distingue deux sources aux obstacles, aux réussites, aux échecs et aux succès de l’aventure : les éléments naturels, leur connaissance et leur maîtrise, et les conflits humains qui vont apparaître comme la source la plus réelle de perdition.
786 0 _nÉtudes | 403 | 7 | 2005-07-01 | p. III-III | 0014-1941
856 4 1 _uhttps://shs.cairn.info/revue-etudes-2005-7-page-III?lang=fr&redirect-ssocas=7080
999 _c2055917
_d2055917